PHYSICS:for scientists and engineers with modern physics (Record no. 6668)

MARC details
000 -LEADER
fixed length control field 00541nam a2200193Ia 4500
003 - CONTROL NUMBER IDENTIFIER
control field OSt
005 - DATE AND TIME OF LATEST TRANSACTION
control field 20251014184737.0
008 - FIXED-LENGTH DATA ELEMENTS--GENERAL INFORMATION
fixed length control field 230105s9999||||xx |||||||||||||| ||und||
020 ## - INTERNATIONAL STANDARD BOOK NUMBER
International Standard Book Number 9781133954002
040 ## - CATALOGING SOURCE
Transcribing agency Chuka University Library
050 ## - LIBRARY OF CONGRESS CALL NUMBER
Classification number QC 23
Item number S47 2014
100 ## - MAIN ENTRY--PERSONAL NAME
Personal name SERWAY,R.A.
9 (RLIN) 4161
245 #0 - TITLE STATEMENT
Title PHYSICS:for scientists and engineers with modern physics
250 ## - EDITION STATEMENT
Edition statement 9th ed.
260 ## - PUBLICATION, DISTRIBUTION, ETC.
Place of publication, distribution, etc. austrlia
Name of publisher, distributor, etc. brooks/cole
Date of publication, distribution, etc. 2014
300 ## - PHYSICAL DESCRIPTION
Extent Various pagings
Other physical details Coloured Illustrations
650 ## - SUBJECT ADDED ENTRY--TOPICAL TERM
Topical term or geographic name entry element Physics
9 (RLIN) 141
942 ## - ADDED ENTRY ELEMENTS (KOHA)
Koha item type Long Loan Books
Source of classification or shelving scheme Library of Congress Classification
Koha issues (borrowed), all copies 1
Holdings
Withdrawn status Lost status Source of classification or shelving scheme Damaged status Not for loan Collection Home library Current library Shelving location Date acquired Total Checkouts Full call number Barcode Date last seen Date last checked out Copy number Price effective from Koha item type
    Library of Congress Classification     General Collection Books Main Campus Library Main Campus Library General Stacks 05/01/2023 1 QC 23.S47 2014 11336/2014 28/10/2025 14/10/2025 1 05/01/2023 Long Loan Books

Powered by Koha